000 01893nam a22002657a 4500
005 20240305165429.0
007 cr|||| ||||
008 150408s2015 mx |||||s|||| 00||0 spa d
020 _a978-607-440-751-8
035 _a12659
040 _avLex
090 _c5396
_d5396
100 1 _aPérez Chavez, José
245 1 0 _aManual de casos prácticos de ISR 2015
_h[Recurso electrónico] /
_cJosé Pérez Chavez, Raymundo Fol Olguin
256 _aServicio en línea
260 _aMéxico DF:
_bTax Editores,
_c2015
300 _a1 recurso electrónico
500 _aMediante el estudio de esta obra, los interesados en el área fiscal estarán en posibilidad de conocer las modificaciones que sufre la Ley del ISR cada año, para así interpretar y aplicar de inmediato las disposiciones que deben atender las personas físicas y morales. Esto último se logra mediante la ejemplificación sencilla de más de 200 casos prácticos que incluyen las disposiciones y variantes que contempla la Ley de referencia. Esta obra va dirigida a las personas que se encargan del cumplimiento de las obligaciones fiscales de las personas físicas y morales, a los contadores que se dedican a dar asesoría fiscal, a los maestros de impuestos, a los estudiantes, y en general a cualquier persona que se interese en la materia fiscal. Es una herramienta indispensable para el contador.
506 1 _aDisponible solo en los productos indicados
_dvLex Global
_dvLex Global (Academic Edition, excluding Law Schools)
_dvLex Global (U.S. Academic Edition, Law Schools)
_dvLex Global (U.S. Academic Edition, excluding Law Schools)
_dvLex Global (Academic Edition, Law Schools)
650 0 4 _aDerecho Fiscal
_zMéxico
700 1 _aFol Olguin, Raymundo
740 0 _avLex Libros (Servicio en línea)
856 4 0 _uhttps://app.vlex.com/#/sources/manual-de-casos-practicos-de-isr-2015-12659
942 _cRAA
999 _c163737
_d163737